Statistics for Mississippi Basin Rivers on a Map - Extreme

Click here to take the quiz!

General Stats

  • This quiz has been taken 1,040 times
    (727 since last reset)
  • The average score is 27 of 100

Answers on the Map

Answers color-coded by a green-red scale on the quiz's map according to % correct below.
 

Answer Stats

miRiver% Correct
2,320Mississippi
99%
2,341Missouri
96%
981Ohio
95%
1,469Arkansas
89%
652Tennessee
85%
310Platte
76%
1,360Red
76%
273Illinois
72%
148Kansas
71%
259Kentucky
64%
323Iowa
62%
135Monongahela
61%
710James
60%
430Wisconsin
59%
370Minnesota
58%
722White (Arkansas)
43%
362White (Indiana)
43%
580White (South Dakota)
43%
384Green
39%
503Wabash
39%
692Yellowstone
39%
325Allegheny
37%
613Des Moines
37%
688Cumberland
36%
300Black (Arkansas)
34%
190Black (Wisconsin)
34%
906Canadian
33%
220Little
28%
295Cheyenne
27%
320New
26%
90Wichita
26%
183Madison
25%
299Rock
25%
83Jefferson
23%
202Fox
22%
729Milk
22%
137Atchafalaya
21%
338Cedar
21%
217Marias des Cygnes
21%
463Neosho
21%
461Bighorn (incl. Wind)
20%
133Des Plaines
20%
453Republican
20%
169St. Croix
20%
170Great Miami
19%
280Laramie
19%
276Osage
19%
605Ouachita
19%
95Washita
19%
231Scioto
18%
188Yazoo
18%
698Cimarron
17%
226Grand
17%
97Kanawha
17%
133Kankakee
17%
568Niobrara
17%
375Powder
16%
21Beaver
15%
419Big Sioux
15%
183Chippewa
14%
325Kaskaskia
14%
159Tug Fork
14%
359Big Blue
13%
29Big Sandy
13%
303Licking
13%
210Marias
13%
202Saline (Arkansas)
13%
397Saline (Kansas)
13%
575Smoky Hill
13%
310Verdigris
13%
218French Broad
12%
245Little Blue
12%
182Tippecanoe
12%
265Tongue
12%
290Belle Fourche
11%
284Duck
11%
68Loup
11%
342Musselshell
11%
151Rum
11%
135Cannonball
10%
113Crow Wing
10%
290Elkhorn
10%
180Heart
10%
200Moreau
10%
111Muskingum
10%
196Purgatoire
10%
246Sangamon
10%
238Sweetwater
10%
337Clinch
9%
147Hiwassee
9%
136Holston
9%
113Mahoning
9%
118Sac
9%
184Solomon
9%
175Sulphur
9%
135Chariton
8%
110Clarion
8%
280Gasconade
8%
105Gauley
8%
130Tuscarawas
8%

Score Distribution

Percentile by Number Answered

Percent of People with Each Score

Your Score History

You have not taken this quiz since the last reset